zpět

Detail výsledku týmu

U Pošty - Vinohrady ST, Praha

Datum a čas kvízu

30.5 Celkem bodů Celkový počet nahraných bodů na tomto kvízu bez doplňovacích otázek.
3. Pořadí na kvízu Konečné umístění týmu na tomto kvízu.

Zaznamenané odpovědi

# Otázka Odpověď Body Výsledky
1. V úterý organizace Dárek pro P... po Daně Drábové 1
2. Která z asijských zemí si vůbe... Japonsko; Irsko 0.5
3. Ve Vatikánu se po 491 letech u... Karel III. 1
4. Na Islandu byl zaznamenán prvn... komár 0
5. Kterému zimnímu sportu se věnu... biatlonu 1
6. Dnešní zeměpisné téma otevírám... Golčův Jeníkov, Gmünd 0.5
7. Které z následujících tvrzení... B 0
8. V další otázce bude vaším úkol... 1A 2C 3B 4D 1
9. Napište název státu obsahující... Belgie 1
10. V této koláži jsou spojené vla... Gruzie, Guatemala 0.5